| 000 | 00540cam a2200205ua 4500 | ||
|---|---|---|---|
| 001 | 5567 | ||
| 008 | 131004n ii |||gr||||Z||||||eng | ||
| 020 | _a978-81-237-2763-9 | ||
| 040 | _cMAIN | ||
| 082 | _a305.4 | ||
| 245 |
_aReaching Womanhood _cBy Tarala D. Nandedkar |
||
| 250 | _a1st ed. | ||
| 260 |
_aDelhi: _bNational Book Trust,India, _c2012. |
||
| 300 | _axiv,130p. | ||
| 653 | _aSociology | ||
| 653 | _aReaching Womanhood | ||
| 700 |
_aNandedkar,D. Tarala, _eAuthor., |
||
| 700 |
_aRajadhyaksha,Medha S., _eAuthor. |
||
| 942 | _cBK | ||
| 999 |
_c4731 _d4731 |
||